Dictionary of Biblical imagery / (Record no. 15294)
[ view plain ]
| 000 -LEADER | |
|---|---|
| fixed length control field | 00839nam a22002412 4500 |
| 001 - CONTROL NUMBER | |
| control field | 0000023748 |
| 005 - DATE AND TIME OF LATEST TRANSACTION | |
| control field | 20151217161203.0 |
| 008 - FIXED-LENGTH DATA ELEMENTS--GENERAL INFORMATION | |
| fixed length control field | 130321s xx 000 0 eng d |
| 020 ## - INTERNATIONAL STANDARD BOOK NUMBER | |
| International Standard Book Number | 0830814515 : |
| 040 ## - CATALOGING SOURCE | |
| Original cataloging agency | KABU |
| Transcribing agency | KABU |
| 245 10 - TITLE STATEMENT | |
| Title | Dictionary of Biblical imagery / |
| Statement of responsibility, etc. | general editors: Leland Ryken, James C. Wilhoit, Tremper Longman III. |
| 250 ## - EDITION STATEMENT | |
| Edition statement | 1st ed. |
| 260 ## - PUBLICATION, DISTRIBUTION, ETC. (IMPRINT) | |
| Place of publication, distribution, etc. | Downers Grove, IL : |
| Name of publisher, distributor, etc. | InterVarsity Press, |
| Date of publication, distribution, etc. | 1998. |
| 300 ## - PHYSICAL DESCRIPTION | |
| Extent | xxi, 1058 p. |
| 630 00 - SUBJECT ADDED ENTRY--UNIFORM TITLE | |
| Uniform title | Bible |
| Form subdivision | Dictionaries |
| General subdivision | Language, style. |
| -- | 0000183441 |
| 650 #0 - SUBJECT ADDED ENTRY--TOPICAL TERM | |
| Topical term or geographic name as entry element | Symbolism in the Bible |
| Form subdivision | Dictionaries. |
| -- | 0000183442 |
| 700 1# - ADDED ENTRY--PERSONAL NAME | |
| Personal name | Ryken, Leland. |
| -- | 0000159925 |
| 700 1# - ADDED ENTRY--PERSONAL NAME | |
| Personal name | Wilhoit, James C. |
| -- | 0000183381 |
| 700 1# - ADDED ENTRY--PERSONAL NAME | |
| Personal name | Longman, Tremper. |
| -- | 0000160676 |
| 852 1# - LOCATION | |
| -- | p2800 KES |
| 908 ## - PUT COMMAND PARAMETER (RLIN) | |
| Put command parameter | 130321 |
| 950 ## - LOCAL HOLDINGS (RLIN) | |
| -- | 1 |
| Withdrawn status | Lost status | Source of classification or shelving scheme | Not for loan | Home library | Current library | Date acquired | Total Checkouts | Full call number | Barcode | Date last seen | Price effective from | Koha item type |
|---|---|---|---|---|---|---|---|---|---|---|---|---|
| Library of Congress Classification | Not For Loan | Kabarak, Main Campus | Kabarak, Main Campus | 17/12/2015 | BS537 .D53 1998 c. 1 | 014702 | 17/12/2015 | 17/12/2015 | Reference |